| 000 | 00389nam a22001217a 4500 | ||
|---|---|---|---|
| 082 | _a200 THE | ||
| 100 |
_aZainab Nisha Khan _973155 |
||
| 245 | _aTH-SOF-1761-Design of FSS Based Microwave Absorber For Wideband Absorption Applications | ||
| 260 |
_aISLAMABAD _bNUST COLLEGE OF EME _c2020 |
||
| 650 |
_aMS-ELECT-16 _973156 |
||
| 700 |
_aSupervisor Dr. Tahir Zaidi _969770 |
||
| 942 |
_cCF _2ddc |
||
| 999 |
_c578995 _d578995 |
||